000 00457nam a2200181Ia 4500
001 303
005 20260306122754.0
008 260306t2018||||xx |||||||||||||| ||spa||
041 _aESP
082 _a027.098
_bA32
100 _aAguirre, Carlos,
_eAUT
245 0 _aBibliotecas y cultura letrada en América Latina :
_bsiglos XIX y XX
260 _c2018
300 _a363 páginas :
_c24 cm.
650 _aGEN
654 _aCHU
942 _cLIB
_dJUS
_fJUS
_2ddc
_n
999 _c303
_d303